00365nam a22001457a 4500003000400000020001800004100001800022245003100040260002900071546001200100700001500112856006100127942001200188999001900200OSt a9780120770304 aRussell Balda aAnimal Cognition in Nature bAcademic PresscPre 2007 aEnglish aIrene Pepp uhttps://www.sciencedirect.com/science/book/9780120770304 2ddccEB c159568d159568